<?xml version="1.0" encoding="UTF-8"?>
<record
    xmlns:xsi="http://www.w3.org/2001/XMLSchema-instance"
    xsi:schemaLocation="http://www.loc.gov/MARC21/slim http://www.loc.gov/standards/marcxml/schema/MARC21slim.xsd"
    xmlns="http://www.loc.gov/MARC21/slim">

  <leader>00591nam a2200205 a 4500</leader>
  <controlfield tag="001">sa 68013329 </controlfield>
  <controlfield tag="003">DLC</controlfield>
  <controlfield tag="005">20260227112621.0</controlfield>
  <controlfield tag="008">980902s1968    ii            000 0 hin  </controlfield>
  <datafield tag="010" ind1=" " ind2=" ">
    <subfield code="a">sa 68013329 </subfield>
  </datafield>
  <datafield tag="040" ind1=" " ind2=" ">
    <subfield code="a">DLC</subfield>
    <subfield code="c">DLC</subfield>
  </datafield>
  <datafield tag="050" ind1="0" ind2="0">
    <subfield code="a">PK2098.S53687</subfield>
    <subfield code="b">D4 </subfield>
  </datafield>
  <datafield tag="100" ind1="1" ind2=" ">
    <subfield code="a">Si&#x1E43;ha, Amara Bah&#x101;dura,</subfield>
    <subfield code="d">1935-</subfield>
  </datafield>
  <datafield tag="245" ind1="1" ind2="0">
    <subfield code="a">Devat&#x101;, mere de&#x15B;a k&#x101; /</subfield>
    <subfield code="c">Amara Bah&#x101;dura Si&#x1E43;ha &#x2BB;Amare&#x15B;&#x2BC;.</subfield>
  </datafield>
  <datafield tag="250" ind1=" " ind2=" ">
    <subfield code="a">[1. sas&#x1E43;skara&#x1E47;a]</subfield>
  </datafield>
  <datafield tag="260" ind1=" " ind2=" ">
    <subfield code="a">Lakhana&#x16B; :</subfield>
    <subfield code="b">R&#x101;sh&#x1E6D;r&#x12B;ya Prak&#x101;&#x15B;ana Mandira,</subfield>
    <subfield code="c">1968.</subfield>
  </datafield>
  <datafield tag="300" ind1=" " ind2=" ">
    <subfield code="a">8 v. in 1 ;</subfield>
    <subfield code="c">19 cm.</subfield>
  </datafield>
  <datafield tag="440" ind1=" " ind2="0">
    <subfield code="a">In Hindi.</subfield>
  </datafield>
  <datafield tag="500" ind1=" " ind2=" ">
    <subfield code="a">A novel.</subfield>
  </datafield>
  <datafield tag="999" ind1=" " ind2=" ">
    <subfield code="c">85041</subfield>
    <subfield code="d">85041</subfield>
  </datafield>
</record>
